[Event "Staufer op 34th"]
[Site "Schwaebisch Gmuend"]
[Date "2024.01.02"]
[Round "1"]
[White "Ehmann, Thilo"]
[Black "Heigermoser, Robert"]
[Result "1-0"]
[WhiteElo "2369"]
[BlackElo "2140"]
[PlyCount "113"]
[EventDate "2024.01.02"]
[EventType "swiss"]
[EventRounds "9"]
[EventCountry "GER"]
[SourceTitle "CB02_2024"]
[SourceDate "2024.01.10"]
[SourceVersion "1"]
[SourceVersionDate "2024.01.10"]
[SourceQuality "1"]

1. e4 c5 2. Nf3 d6 3. d4 cxd4 4. Nxd4 Nf6 5. Nc3 Nc6 6. Bg5 Bd7 7. Qd2 a6 8. f3 e6 9. 0-0-0 Nxd4 10. Qxd4 Be7 11. g4 h5 12. gxh5 Nxh5 13. Bxe7 Qxe7 14. Rg1 Bc6 15. Qxd6 Qxd6 16. Rxd6 Nf4 17. Rd2 Ke7 18. Rg4 Ng6 19. f4 Rh5 20. Rf2 Rah8 21. h3 Nh4 22. b4 g6 23. Rg3 e5 24. Bc4 f6 25. fxe5 Rxe5 26. Nd5+ Bxd5 27. Bxd5 Re8 28. Bxb7 Rb8 29. Bxa6 Rxb4 30. Bd3 g5 31. c3 Rc5 32. Bc2 Rb8 33. Bb3 Ng6 34. Kc2 Rh8 35. Re3 Nf4 36. Rff3 Ng2 37. Re2 Nf4 38. Rh2 Re5 39. Rg3 Rxe4 40. Rg4 Re3 41. h4 Ng6 42. h5 Nf4 43. h6 Rh3 44. Rxh3 Nxh3 45. Re4+ Kd8 46. Be6 Rxh6 47. a4 Nf4 48. Bf5 Kc7 49. Kb3 Rh1 50. Rd4 Rf1 51. a5 Ne2 52. Rc4+ Kb7 53. Be4+ Ka6 54. Rc5 Nc1+ 55. Kc2 g4 56. Bd5 Ka7 57. Rc8 1-0

[Event "Mittelfranken Landesliga Sued 2223"]
[Site "Mittelfranken"]
[Date "2023.04.23"]
[Round "9.7"]
[White "Schulz, Michael2222"]
[Black "Heigermoser, Robert"]
[Result "0-1"]
[WhiteElo "2052"]
[BlackElo "2091"]
[PlyCount "74"]
[EventDate "2022.10.09"]
[EventType "team-tourn"]
[EventRounds "9"]
[EventCountry "GER"]
[SourceTitle "EXT 2024"]
[Source "ChessBase"]
[SourceDate "2023.10.10"]
[SourceVersion "1"]
[SourceVersionDate "2023.10.10"]
[SourceQuality "1"]
[WhiteTeam "Unterhaching"]
[BlackTeam "Garching II"]
[WhiteTeamCountry "GER"]
[BlackTeamCountry "GER"]

1. d4 Nf6 2. c4 g6 3. Nc3 Bg7 4. e4 d6 5. h3 0-0 6. Bg5 c5 7. d5 h6 8. Be3 b5 9. cxb5 a6 10. Qd2 Kh7 11. Nf3 Qa5 12. Bd3 axb5 13. e5 b4 14. Nd1 Ne8 15. Bf4 dxe5 16. Nxe5 Bb7 17. Nc4 Qd8 18. Nde3 Nf6 19. d6 e6 20. 0-0 Nc6 21. Rfd1 Nd4 22. Nc2 Nd5 23. Bg3 Ba6 24. Nxd4 Bxd4 25. a4 Qf6 26. Ra2 Rfd8 27. Qe2 Nf4 28. Bxf4 Qxf4 29. Nb6 Rab8 30. a5 Bxd3 31. Rxd3 Rxd6 32. Rf3 Qc1+ 33. Kh2 Kg7 34. Qe4 c4 35. Nxc4 Qxc4 36. Qf4 e5 37. Qh4 Qxa2 0-1

[Event "Mittelfranken Landesliga Sued 2223"]
[Site "Mittelfranken"]
[Date "2022.11.27"]
[Round "3.7"]
[White "Kamenskyi, Dmytro"]
[Black "Heigermoser, Robert"]
[Result "1-0"]
[WhiteElo "2155"]
[BlackElo "2091"]
[PlyCount "115"]
[EventDate "2022.10.09"]
[EventType "team-tourn"]
[EventRounds "9"]
[EventCountry "GER"]
[SourceTitle "EXT 2024"]
[Source "ChessBase"]
[SourceDate "2023.10.10"]
[SourceVersion "1"]
[SourceVersionDate "2023.10.10"]
[SourceQuality "1"]
[WhiteTeam "Kriegshaber"]
[BlackTeam "Garching II"]
[WhiteTeamCountry "GER"]
[BlackTeamCountry "GER"]

1. e4 c6 2. d4 d5 3. exd5 cxd5 4. c4 Nf6 5. Nc3 Nc6 6. Nf3 a6 7. c5 g6 8. Be2 Bg7 9. 0-0 Ne4 10. Na4 Bg4 11. Nb6 Ra7 12. Be3 0-0 13. h3 Bxf3 14. gxf3 Nf6 15. Qd2 e6 16. Rad1 Nd7 17. Nxd7 Qxd7 18. Kg2 Raa8 19. Bh6 f6 20. Rfe1 Rad8 21. Be3 Kh8 22. b4 Ne7 23. Bd3 Qc6 24. Bf4 Nc8 25. h4 Qd7 26. Rh1 e5 27. Bh6 Bxh6 28. Qxh6 Qg7 29. Qe3 Rde8 30. Bc2 e4 31. fxe4 dxe4 32. d5 Ne7 33. Qxe4 Nc6 34. Qf4 g5 35. hxg5 fxg5 36. Qg3 h6 37. dxc6 Re2 38. Bb3 Rfxf2+ 39. Qxf2 Rxf2+ 40. Kxf2 Qf6+ 41. Kg2 Qxc6+ 42. Bd5 Qb5 43. Bf3 Kg7 44. a3 a5 45. Rd4 Qa4 46. Rhd1 Qxa3 47. Rd7+ Kf6 48. R1d6+ Kf5 49. Rf7+ Ke5 50. Re7+ Kf5 51. Rf7+ Ke5 52. Rxb7 axb4 53. Rd5+ Ke6 54. Rb6+ Ke7 55. c6 Qe3 56. Rb7+ Kf6 57. Rd6+ Kf5 58. Rf7+ 1-0

[Event "Bayern-chI Bank Hofmann 25th"]
[Site "Tegernsee"]
[Date "2022.11.10"]
[Round "6"]
[White "Heberla, Bartlomiej"]
[Black "Heigermoser, Robert"]
[Result "1-0"]
[WhiteElo "2571"]
[BlackElo "2091"]
[PlyCount "77"]
[EventDate "2022.11.05"]
[EventType "swiss"]
[EventRounds "9"]
[EventCountry "GER"]
[SourceTitle "CBM 211 Extra"]
[Source "ChessBase"]
[SourceDate "2023.01.31"]
[SourceVersion "1"]
[SourceVersionDate "2023.01.31"]
[SourceQuality "1"]

1. e4 c6 2. c4 d5 3. cxd5 cxd5 4. exd5 Nf6 5. Nc3 Nxd5 6. Nf3 Nc6 7. Bb5 g6 8. Qb3 e6 9. d4 Bg7 10. 0-0 0-0 11. Bxc6 bxc6 12. Ne4 Qb6 13. Qa4 a5 14. Bd2 Ba6 15. Rfc1 Bb5 16. Qc2 a4 17. Nc5 Qc7 18. Re1 Ne7 19. Qc1 Nf5 20. Bf4 Qd8 21. Be5 Nh4 22. Nxh4 Qxh4 23. Bxg7 Kxg7 24. Qc3 Kg8 25. Re4 Qd8 26. Re5 Ra7 27. Rae1 Qh4 28. R1e4 Qf6 29. Re3 Rd8 30. Ne4 Qg7 31. Nc5 Qf6 32. h3 Rd5 33. a3 Qd8 34. R3e4 Qa5 35. Qe3 Re7 36. Rh4 Qa7 37. Ne4 Rxe5 38. Nf6+ Kf8 39. Qh6# 1-0

[Event "Bayern-chI Bank Hofmann 25th"]
[Site "Tegernsee"]
[Date "2022.11.08"]
[Round "4"]
[White "Raitza, Olaf"]
[Black "Heigermoser, Robert"]
[Result "0-1"]
[WhiteElo "2267"]
[BlackElo "2091"]
[PlyCount "60"]
[EventDate "2022.11.05"]
[EventType "swiss"]
[EventRounds "9"]
[EventCountry "GER"]
[SourceTitle "CBM 211 Extra"]
[Source "ChessBase"]
[SourceDate "2023.01.31"]
[SourceVersion "1"]
[SourceVersionDate "2023.01.31"]
[SourceQuality "1"]

1. e4 c6 2. d4 d5 3. exd5 cxd5 4. Bd3 Nc6 5. c3 Qc7 6. Nf3 Bg4 7. Be3 Nf6 8. Nbd2 e6 9. h3 Bh5 10. 0-0 Bd6 11. Re1 Bg6 12. Qe2 Bxd3 13. Qxd3 h6 14. a3 0-0 15. Rac1 b5 16. Ne5 Nxe5 17. dxe5 Bxe5 18. Nf3 Bd6 19. Qxb5 Rab8 20. Qe2 e5 21. Red1 Rfe8 22. c4 d4 23. c5 Bf8 24. Bd2 d3 25. Qxd3 e4 26. Qd4 Rbd8 27. Qc4 exf3 28. b4 Re4 29. Qf1 fxg2 30. Qxg2 Red4 0-1

[Event "Bayern-chI Bank Hofmann 25th"]
[Site "Tegernsee"]
[Date "2022.11.05"]
[Round "1"]
[White "Heigermoser, Robert"]
[Black "Womacka, Mathias"]
[Result "0-1"]
[WhiteElo "2091"]
[BlackElo "2413"]
[PlyCount "84"]
[EventDate "2022.11.05"]
[EventType "swiss"]
[EventRounds "9"]
[EventCountry "GER"]
[SourceTitle "CBM 211 Extra"]
[Source "ChessBase"]
[SourceDate "2023.01.31"]
[SourceVersion "1"]
[SourceVersionDate "2023.01.31"]
[SourceQuality "1"]

1. e4 c5 2. Nf3 d6 3. Bb5+ Nd7 4. Ba4 Ngf6 5. 0-0 a6 6. c4 g6 7. Nc3 Bg7 8. d4 cxd4 9. Nxd4 0-0 10. h3 e5 11. Nf3 Nb6 12. Bb3 Be6 13. Qd3 Rc8 14. Rd1 Nxc4 15. Ng5 b5 16. Nxe6 fxe6 17. Bxc4 Rxc4 18. Qxd6 Qxd6 19. Rxd6 b4 20. Nd1 Nxe4 21. Rxa6 Rc2 22. Be3 Re2 23. f3 Re1+ 24. Kh2 Nf6 25. Rd6 Nd5 26. Bf2 Rf1 27. Rxe6 Rd8 28. Rc6 Nf4 29. Rcc1 Nd3 30. Bh4 Nxc1 31. Bxd8 Nd3 32. Rb1 e4 33. fxe4 Be5+ 34. g3 Nxb2 35. Rxb2 Bxb2 36. Nxb2 Rf2+ 37. Kg1 Rxb2 38. Be7 Kf7 39. Bc5 Ke6 40. Bf8 h5 41. h4 Rxa2 42. Bxb4 Ke5 0-1

[Event "Mittelfranken Landesliga Sued 2122"]
[Site "Mittelfranken"]
[Date "2022.05.29"]
[Round "9.3"]
[White "Golder, Waldemar"]
[Black "Heigermoser, Robert"]
[Result "0-1"]
[WhiteElo "2032"]
[BlackElo "2147"]
[PlyCount "55"]
[EventDate "2021.10.24"]
[EventType "team-tourn"]
[EventRounds "9"]
[EventCountry "GER"]
[SourceTitle "EXT 2024"]
[Source "ChessBase"]
[SourceDate "2023.10.10"]
[SourceVersion "1"]
[SourceVersionDate "2023.10.10"]
[SourceQuality "1"]
[WhiteTeam "Groebenzell II"]
[BlackTeam "Muenchen Zugzwang II"]
[WhiteTeamCountry "GER"]
[BlackTeamCountry "GER"]

1. Nf3 Nf6 2. c4 g6 3. g3 Bg7 4. Bg2 0-0 5. 0-0 c5 6. Nc3 Nc6 7. b3 d5 8. cxd5 Nxd5 9. Bb2 h6 10. Rc1 Be6 11. Qc2 Ndb4 12. Qb1 Nd4 13. Nxd4 cxd4 14. Nb5 a6 15. Na3 Bf5 16. Qa1 Rb8 17. d3 e5 18. Nc4 b5 19. Nd2 h5 20. Ne4 Bh6 21. Rc5 Bxe4 22. Bxe4 Qe7 23. Bxd4 exd4 24. Qxd4 Nxa2 25. Rd5 Bg7 26. Qe3 Nc3 27. Rc5 Bd4 28. Qh6 0-1

[Event "Bayern-chI Bank Hofmann 24th"]
[Site "Tegernsee"]
[Date "2021.11.03"]
[Round "5"]
[White "Heigermoser, Robert"]
[Black "Lohvinov, Petro"]
[Result "0-1"]
[WhiteElo "2088"]
[BlackElo "2250"]
[PlyCount "110"]
[EventDate "2021.10.30"]
[EventType "swiss"]
[EventRounds "9"]
[EventCountry "GER"]
[SourceTitle "CBM 205 Extra"]
[Source "ChessBase"]
[SourceDate "2022.01.31"]
[SourceVersion "1"]
[SourceVersionDate "2022.01.31"]
[SourceQuality "1"]

1. Nf3 Nf6 2. c4 e6 3. Nc3 b6 4. e4 Bb7 5. e5 Ne4 6. Bd3 Ng5 7. Be2 Nxf3+ 8. Bxf3 Bxf3 9. Qxf3 Nc6 10. Qe4 Bc5 11. 0-0 Bd4 12. Nb5 Bxe5 13. d4 f5 14. Qe3 a6 15. d5 Qh4 16. f4 axb5 17. dxc6 Bd6 18. cxd7+ Kf7 19. Qb3 bxc4 20. Qxc4 Qe7 21. Bd2 Qxd7 22. Bc3 Bc5+ 23. Kh1 Rhd8 24. b4 Qd3 25. Qb3 Bd4 26. Rf3 Qe4 27. b5 Qd5 28. Qc2 Bxc3 29. Qxc3 Rxa2 30. Rg1 Rd7 31. Rg3 Kg8 32. h4 Ra4 33. Rf1 Qc4 34. Qe1 Kf7 35. Re3 Rd4 36. Rc3 Qxb5 37. Rxc7+ Rd7 38. Rc8 Rad4 39. Qa1 Qxf1+ 40. Qxf1 Rd1 41. Kg1 Rxf1+ 42. Kxf1 Rd2 43. Rb8 Rb2 44. Rb7+ Kf6 45. g3 b5 46. h5 h6 47. Kg1 b4 48. Kh1 b3 49. Kg1 g6 50. Kf1 gxh5 51. Kg1 h4 52. gxh4 Kg6 53. Rb6 Kh5 54. Kf1 Kxh4 55. Rxe6 Rc2 0-1

[Event "Landesliga Sued 1920"]
[Site "Bayern"]
[Date "2019.11.24"]
[Round "3.2"]
[White "Maksimenko, Andrei"]
[Black "Heigermoser, Robert"]
[Result "1-0"]
[WhiteElo "2403"]
[BlackElo "2158"]
[PlyCount "83"]
[EventDate "2019.09.29"]
[EventType "team-tourn"]
[EventRounds "9"]
[EventCountry "GER"]
[SourceTitle "EXT 2021"]
[Source "ChessBase"]
[SourceDate "2020.10.23"]
[SourceVersion "1"]
[SourceVersionDate "2020.10.23"]
[SourceQuality "1"]
[WhiteTeam "Muenchen Tarrasch"]
[BlackTeam "MSA Zugzwang II"]
[WhiteTeamCountry "GER"]
[BlackTeamCountry "GER"]

1. e4 e6 2. d4 d5 3. Bd3 c5 4. exd5 Qxd5 5. Nc3 Qd8 6. Bf4 cxd4 7. Nb5 Na6 8. Nxd4 Bd7 9. Ngf3 Nf6 10. Qe2 Nc5 11. Bc4 Be7 12. 0-0-0 0-0 13. Ne5 Qb6 14. Rhe1 Be8 15. Be3 Qc7 16. Bf4 Qb6 17. Bg5 Rd8 18. Nef3 Nce4 19. Bh4 a6 20. Rd3 Bc5 21. Red1 e5 22. Bxf6 Qxf6 23. Qxe4 Bxd4 24. Nxe5 Bb6 25. Rxd8 Bxd8 26. f4 b5 27. Bb3 Bc7 28. g3 a5 29. Nd7 Bxd7 30. Rxd7 Qb6 31. c3 a4 32. Bc2 g6 33. Qd4 Qb8 34. a3 Bb6 35. Qd5 Bg1 36. Kb1 Qe8 37. f5 Qe1+ 38. Ka2 Qf2 39. fxg6 Qxc2 40. gxf7+ Kg7 41. Qe5+ Kh6 42. Rd6+ 1-0

[Event "Regionalliga Sued-West 1819"]
[Site "Bayern"]
[Date "2019.01.20"]
[Round "5.1"]
[White "Heigermoser, Robert"]
[Black "King, Alexander"]
[Result "1/2-1/2"]
[WhiteElo "2161"]
[BlackElo "2059"]
[PlyCount "50"]
[EventDate "2018.10.21"]
[EventType "team-tourn"]
[EventRounds "9"]
[EventCountry "GER"]
[SourceTitle "EXT 2022"]
[Source "ChessBase"]
[SourceDate "2021.10.06"]
[SourceVersion "1"]
[SourceVersionDate "2021.10.06"]
[SourceQuality "1"]
[WhiteTeam "Zugzwang MSA II"]
[BlackTeam "Klosterlechfeld"]
[WhiteTeamCountry "GER"]
[BlackTeamCountry "GER"]

1. Nf3 Nf6 2. c4 g6 3. Nc3 Bg7 4. e4 d6 5. d4 0-0 6. h3 c5 7. d5 e6 8. Bd3 exd5 9. exd5 Re8+ 10. Be3 Nfd7 11. 0-0 Ne5 12. Nxe5 Bxe5 13. Qf3 f5 14. Rfe1 Nd7 15. Bf4 Bxf4 16. Rxe8+ Qxe8 17. Qxf4 Ne5 18. Bc2 Bd7 19. a4 Qd8 20. b3 Kg7 21. Re1 Qf6 22. Qd2 Re8 23. f4 Nf7 24. Rxe8 Bxe8 25. Qe3 Bd7 1/2-1/2

[Event "Regionalliga SW 1617"]
[Site "Bayern"]
[Date "2016.12.04"]
[Round "3.1"]
[White "Rogobete, Nikolas Johann"]
[Black "Heigermoser, Robert"]
[Result "0-1"]
[WhiteElo "2082"]
[BlackElo "2118"]
[PlyCount "122"]
[EventDate "2016.10.16"]
[EventType "team-tourn"]
[EventRounds "9"]
[EventCountry "GER"]
[SourceTitle "EXT 2019"]
[Source "ChessBase"]
[SourceDate "2018.10.10"]
[SourceVersion "1"]
[SourceVersionDate "2018.10.10"]
[SourceQuality "1"]
[WhiteTeam "Tuerkheim/Bad Woerishofen"]
[BlackTeam "MSA Zugzwang II"]
[WhiteTeamCountry "GER"]
[BlackTeamCountry "GER"]

1. e4 e6 2. d4 d5 3. exd5 exd5 4. Bd3 Nc6 5. c3 Bd6 6. Nf3 Nge7 7. 0-0 Bg4 8. Re1 Qd7 9. Nbd2 0-0-0 10. b4 Ng6 11. Nb3 Rde8 12. Be3 Nh4 13. Be2 Nf5 14. b5 Nce7 15. Nc5 Nxe3 16. fxe3 Bxc5 17. dxc5 Bxf3 18. gxf3 Ng6 19. Qa4 Kb8 20. Bf1 Qe7 21. Qd4 Nh4 22. Kf2 Nf5 23. Qf4 g6 24. b6 Qxc5 25. bxc7+ Qxc7 26. Qxc7+ Kxc7 27. c4 d4 28. exd4 Nxd4 29. Red1 Nc6 30. f4 Re4 31. Kf3 Re3+ 32. Kf2 Rhe8 33. Rd3 R3e4 34. Kg3 Nd4 35. Rad1 Nf5+ 36. Kf3 R8e7 37. c5 Re3+ 38. Kf2 R3e4 39. Kf3 Nh4+ 40. Kg3 Nf5+ 41. Kf3 Ra4 42. R1d2 Ree4 43. Rd7+ Kc6 44. Kf2 Rxf4+ 45. Kg1 Rad4 46. R7xd4 Nxd4 47. Rb2 b6 48. cxb6 axb6 49. Rb1 b5 50. Bg2+ Kc5 51. Rc1+ Kd6 52. Bf1 h5 53. Rd1 Kc5 54. Rc1+ Kb4 55. Rc7 g5 56. Rb7 g4 57. a3+ Kc5 58. Rb8 h4 59. Rc8+ Kd6 60. Rd8+ Kc7 61. Rd5 Kc6 0-1

[Event "Regionalliga SW 1415"]
[Site "Bayern"]
[Date "2014.10.19"]
[Round "1.5"]
[White "Wuerdinger, Alexander"]
[Black "Heigermoser, Robert"]
[Result "1-0"]
[WhiteElo "2024"]
[BlackElo "2118"]
[PlyCount "93"]
[EventDate "2014.10.19"]
[EventType "team-tourn"]
[EventRounds "9"]
[EventCountry "GER"]
[SourceTitle "EXT 2018"]
[Source "ChessBase"]
[SourceDate "2017.10.13"]
[SourceVersion "1"]
[SourceVersionDate "2017.10.13"]
[SourceQuality "1"]
[WhiteTeam "Haar"]
[BlackTeam "MSA Zugzwang II"]
[WhiteTeamCountry "GER"]
[BlackTeamCountry "GER"]

1. e4 c5 2. Nf3 d6 3. d4 cxd4 4. Nxd4 Nf6 5. Nc3 a6 6. f3 e5 7. Nb3 Be6 8. Nd5 Bxd5 9. exd5 Qb6 10. Qd3 Nbd7 11. Be3 Qc7 12. c4 a5 13. Be2 g6 14. 0-0 Bg7 15. Rac1 e4 16. fxe4 Ne5 17. Qc2 Nfg4 18. Bxg4 Nxg4 19. Bd4 Bxd4+ 20. Nxd4 0-0 21. Rf4 Ne5 22. Kh1 Rac8 23. b3 Qc5 24. Qd2 a4 25. Rh4 Rfe8 26. Rd1 h5 27. Qg5 Ng4 28. Rxg4 hxg4 29. Qxg4 Rc7 30. Rd3 Re5 31. h4 axb3 32. axb3 Qa5 33. Nf3 Rh5 34. Qf4 Qc5 35. Ng5 Qb4 36. Rg3 Qe1+ 37. Kh2 Kg7 38. Nf3 Qb4 39. Qg4 Kh8 40. Qf4 Kg7 41. Nd4 Qe1 42. Nf5+ Kh7 43. Nxd6 Re7 44. Nxf7 Qxe4 45. Ng5+ Rxg5 46. Qxe4 Rxe4 47. hxg5 1-0

[Event "Regionalliga SW 1314"]
[Site "Bayern"]
[Date "2013.11.10"]
[Round "2.4"]
[White "Hantak, Adam"]
[Black "Heigermoser, Robert"]
[Result "1-0"]
[WhiteElo "2166"]
[BlackElo "2086"]
[PlyCount "128"]
[EventDate "2013.10.13"]
[EventType "team-tourn"]
[EventRounds "9"]
[EventCountry "GER"]
[SourceTitle "EXT 2015"]
[Source "ChessBase"]
[SourceDate "2014.11.20"]
[SourceVersion "1"]
[SourceVersionDate "2014.11.20"]
[SourceQuality "1"]
[WhiteTeam "Muenchen 36"]
[BlackTeam "MSA Zugzwang II"]
[WhiteTeamCountry "GER"]
[BlackTeamCountry "GER"]

1. d4 Nf6 2. Nf3 g6 3. Bf4 Bg7 4. e3 0-0 5. Be2 d6 6. h3 c5 7. c3 Be6 8. Nbd2 Qb6 9. Qc2 Nc6 10. 0-0 Rac8 11. dxc5 Qxc5 12. e4 Rfd8 13. Nb3 Qb6 14. Be3 Qc7 15. Rfd1 a5 16. Nbd4 Nxd4 17. Bxd4 Nd7 18. Ng5 Bc4 19. Bxg7 Kxg7 20. Rd4 Nb6 21. Rad1 Qc5 22. h4 Qb5 23. Bg4 Bxa2 24. b4 Bc4 25. Bxc8 Rxc8 26. bxa5 Qxa5 27. Qb2 h6 28. Nf3 Be6 29. Qb4 Qc5 30. Qxc5 Rxc5 31. Rb4 Nd7 32. Rxb7 Rxc3 33. Nd4 Kf6 34. Nxe6 Kxe6 35. f3 Nc5 36. Ra7 Rb3 37. Raa1 Rb2 38. Rab1 Ra2 39. Ra1 Rb2 40. Rdb1 Rc2 41. Rc1 Rb2 42. Rab1 Ra2 43. Rd1 Rc2 44. Kh2 Kf6 45. Kg3 g5 46. hxg5+ hxg5 47. Rh1 Ne6 48. Rh6+ Kg7 49. Rbh1 Nf4 50. Rh7+ Kf6 51. R1h2 e6 52. Rh8 d5 53. exd5 exd5 54. Kg4 Rxg2+ 55. Rxg2 Nxg2 56. Rh6+ Ke5 57. Kxg5 d4 58. Rf6 d3 59. Rxf7 Ne3 60. Re7+ Kd4 61. Re4+ Kc3 62. Rxe3 Kc2 63. f4 d2 64. Re2 Kc1 1-0

[Event "Regionalliga SW 1314"]
[Site "Bayern"]
[Date "2013.10.13"]
[Round "1.4"]
[White "Schreiner, Richard"]
[Black "Heigermoser, Robert"]
[Result "1/2-1/2"]
[WhiteElo "2181"]
[BlackElo "2086"]
[PlyCount "112"]
[EventDate "2013.10.13"]
[EventType "team-tourn"]
[EventRounds "9"]
[EventCountry "GER"]
[SourceTitle "EXT 2015"]
[Source "ChessBase"]
[SourceDate "2014.11.20"]
[SourceVersion "1"]
[SourceVersionDate "2014.11.20"]
[SourceQuality "1"]
[WhiteTeam "Garching II"]
[BlackTeam "MSA Zugzwang II"]
[WhiteTeamCountry "GER"]
[BlackTeamCountry "GER"]

1. d4 Nf6 2. c4 g6 3. g3 Bg7 4. Bg2 0-0 5. Nf3 d6 6. Nc3 Nc6 7. 0-0 a6 8. Re1 Rb8 9. a4 e5 10. e3 Bg4 11. h3 Bxf3 12. Bxf3 Nd7 13. d5 Ne7 14. Qc2 f5 15. Bg2 e4 16. Ne2 Nc5 17. Bd2 Nd3 18. Reb1 c5 19. Bc3 Be5 20. Nf4 Nxf4 21. exf4 Bxc3 22. Qxc3 b5 23. axb5 axb5 24. b3 Qb6 25. Qe1 Rfe8 26. Bf1 b4 27. Ra4 Qb7 28. Rba1 Ra8 29. Bg2 Rxa4 30. Rxa4 Ra8 31. Qa1 Rxa4 32. Qxa4 Kf7 33. f3 exf3 34. Bxf3 Ng8 35. g4 Qe7 36. gxf5 Qe3+ 37. Kg2 Qd2+ 38. Kf1 Qc1+ 39. Kf2 Qc2+ 40. Kg3 Qxf5 41. Bg4 Qd3+ 42. Kh4 Qe3 43. Qd7+ Ne7 44. Qe6+ Qxe6 45. Bxe6+ Kf6 46. Kg4 h5+ 47. Kf3 g5 48. fxg5+ Kxg5 49. Ke4 Ng6 50. Bd7 Ne5 51. Be6 h4 52. Bc8 Ng6 53. Be6 Nf4 54. Bg4 Ng2 55. Bf3 Ne1 56. Bd1 Ng2 1/2-1/2

[Event "Regionalliga SO 0809"]
[Site "Bayern"]
[Date "2008.10.26"]
[Round "2.1"]
[White "Zenker, Ulrich"]
[Black "Heigermoser, Robert"]
[Result "1-0"]
[WhiteElo "2211"]
[BlackElo "2014"]
[PlyCount "61"]
[EventDate "2008.10.05"]
[EventType "team-tourn"]
[EventRounds "9"]
[EventCountry "GER"]
[SourceTitle "EXT 2020"]
[Source "ChessBase"]
[SourceDate "2019.10.17"]
[SourceVersion "1"]
[SourceVersionDate "2019.10.17"]
[SourceQuality "1"]
[WhiteTeam "Ebersberg"]
[BlackTeam "Pang/Rosenheim II"]
[WhiteTeamCountry "GER"]
[BlackTeamCountry "GER"]

1. e4 e6 2. d4 d5 3. e5 c5 4. c3 Nc6 5. Nf3 Bd7 6. Be2 f6 7. 0-0 Qc7 8. Re1 0-0-0 9. c4 fxe5 10. dxe5 d4 11. Bd3 h6 12. Bf4 g5 13. Bg3 Bg7 14. Qe2 Be8 15. Nbd2 Bh5 16. a3 Nge7 17. b4 Nf5 18. Ne4 Nxg3 19. hxg3 Nxe5 20. Nxc5 Rde8 21. Rac1 Bxf3 22. gxf3 Rhf8 23. Be4 b6 24. Nd3 Nxd3 25. Qxd3 Kb8 26. c5 Rc8 27. a4 h5 28. Kg2 h4 29. cxb6 Qxb6 30. a5 Rxc1 31. Rxc1 1-0

[Event "GER-chT U20"]
[Site "Kelheim"]
[Date "2007.12.29"]
[Round "5.4"]
[White "Heigermoser, Robert"]
[Black "Borel, Markus"]
[Result "1/2-1/2"]
[WhiteElo "1975"]
[BlackElo "1930"]
[PlyCount "84"]
[EventDate "2007.12.27"]
[EventType "team-swiss"]
[EventRounds "7"]
[EventCountry "GER"]
[SourceTitle "EXT 2022"]
[Source "ChessBase"]
[SourceDate "2021.10.06"]
[SourceVersion "1"]
[SourceVersionDate "2021.10.06"]
[SourceQuality "1"]
[WhiteTeam "Pang/Rosenheim U20"]
[BlackTeam "Grossenseebach U20"]
[WhiteTeamCountry "GER"]
[BlackTeamCountry "GER"]

1. e4 b6 2. d4 Bb7 3. Bd3 e6 4. Nf3 d6 5. 0-0 Nf6 6. Qe2 Be7 7. c4 c6 8. Nc3 d5 9. cxd5 cxd5 10. e5 Ng8 11. Be3 a6 12. Nd2 h5 13. f4 g6 14. g3 Nh6 15. h3 Nf5 16. Bf2 Nc6 17. Nf3 Nb4 18. Bb1 Rc8 19. a3 Nc6 20. Kg2 Ng7 21. Bd3 Nb8 22. g4 hxg4 23. hxg4 Kd7 24. Be3 b5 25. Ng5 Qg8 26. Qc2 Rh4 27. Qe2 Nc6 28. Rh1 Rxh1 29. Rxh1 Na5 30. Bxb5+ axb5 31. Qxb5+ Bc6 32. Qxa5 Ra8 33. Qb6 Rb8 34. Qa5 Ra8 35. Qb6 Rb8 36. Qa6 Rxb2+ 37. Kf3 Rb3 38. Qa7+ Rb7 39. Qa5 Qb8 40. Qa6 Ra7 41. Qd3 Bxg5 42. fxg5 Rxa3 1/2-1/2